000 00446nam a2200181Ia 4500
001 14754
005 20260306164937.0
008 260306t1995||||xx |||||||||||||| ||spa||
041 _aESP
082 _a519.2
_bG22
100 _aGarcía, Roberto Mariano
_eAUT
245 0 _aIntroducción a la estadística experimental
260 _c1995
300 _a134 páginas :
_c21 cm.
650 _aGEN
654 _aCMA
942 _cLIB
_dJUS
_fJUS
_2ddc
_n
999 _c14754
_d14754